| 000 | 01080cam a2200205 4500 | ||
|---|---|---|---|
| 001 | ABS67356 | ||
| 008 | 031205n2003 000 0 eng u | ||
| 035 | _a(Sirsi) u124571 | ||
| 100 | _aLevy, D. | ||
| 245 | _aMagical intervention | ||
| 260 | _c2003 | ||
| 490 |
_aEstates Gazette _v0347 22 November 2003,149(1) |
||
| 520 | _aDiscusses how a high court judgement following the theft of the latest Harry Potter book "Bloomsbury Publishing plc and another v NewsGroup Newspapers Ltd" ([2003] EWHC 1205, [2003] 1 WLR 1633) has enabled injunctions against nameless persons to be granted when there is the threat of trespass, particularly when related to protests or demonstrations. Examines the steps taken through the whole process from when the threat of trespass is first realised, through to going to court and what to do once the protesters have left. | ||
| 590 | _aABS | ||
| 650 | _aTRESPASS | ||
| 650 | _aBLOOMSBURY PUBLISHING PLC AND ANOTHER V NEWS GROUP NEWSPAPERS LTD | ||
| 650 | _aHAMPSHIRE WASTE SERVICES LTD V PERSONS UNKNOWN | ||
| 690 | _aLAW-UK | ||
| 942 | _n0 | ||
| 999 |
_c73929 _d73929 |
||